Single Letter Answers Quiz Stats

 Plays Quiz Updated Mar 8, 2017

Support Sporcle.
Go Orange.
Score 0/26 Timer 03:00
7 Plays Today
Hint Answer % Correct
This marks the 'spot' on treasure mapsX
87.9%
A 'Special' cereal from KelloggK
87.7%
Blood type of people frequently called 'universal donors'O
85.8%
A test score of 34% would result in this letter grade (US)F
84.7%
Chromosome that determines the sex of in mammalsY
84.6%
Nominative singular pronoun in the English languageI
78.8%
Surname of an A-Team actor who pities foolsT
78.2%
A serpentine curveS
77.5%
MPAA rating in which those under 17 require accompanying parent or adult guardianR
77.3%
The chemical element with atomic number 1H
75.2%
Fifty to the ancient RomansL
74.3%
For a rectangle, it's l times w; for a circle, it's pi times r²A
74.1%
A second-rate movie, often a cult classicB
73.5%
Hint Answer % Correct
Prefix for German submarinesU
72.8%
According to Snoop Dogg and Dr. Dre it ain't nothing but a ___ thang babyG
68.1%
Job title of Major Boothroyd, maker of James Bond's gadgetsQ
63.9%
Will Smith's character in 'Men in Black'J
62.7%
2008 presidential biopic from Oliver StoneW
55.7%
International license plate designation for GermanyD
53.7%
Computer programming language developed in 1972C
53.6%
Famously, the 1939 book 'Gadsby' never uses thisE
49.2%
The symbol for momentum in PhysicsP
48.3%
Symbol for the SI derived unit of forceN
48.1%
Classic 1931 Fritz Lang film starring Peter LorreM
38.4%
Mysterious protagonist of 1980s Alan Moore comic booksV
37.4%
1969 French-language film nominated for Best PictureZ
36.4%

From the Vault

Silhouettes: Hanna-Barbera Characters

by Perspektive

If you score a 100%, feel free to reward yourself with a Scooby Snack.
Remove Ads.
Support Sporcle.
Get the best of Sporcle when you Go Orange. This ad-free experience offers more features, more stats, and more fun while also helping to support Sporcle. Thank you for becoming a member.

Show Comments

Extras

Top Quizzes Today


Score Distribution

Your Account Isn't Verified!

In order to create a playlist on Sporcle, you need to verify the email address you used during registration. Go to your Sporcle Settings to finish the process.

Report this User

Report this user for behavior that violates our Community Guidelines.

Details: